000 00701nam a2200253Ia 4500
003 OSt
005 20220918163750.0
006 a|||||r|||| 00| 0
007 ta
008 220917b |||||||| |||| 00| 0 eng d
020 _a0262522748 (pbk)
024 _a152,159
037 _cTextual
040 _aARTS
_cARTS
_beng
041 _2eng
_aeng
082 _aV73:19(zP).N, P0
245 0 _aAmerican's strategic choices edited by Michael E. Brown ...(et.al.)
260 _aCambridge
_bMIT Press
_c2000
300 _axxxi, 415p.
_ccm.
490 _aAn international security reader
650 _aHISTORY
942 _hV73:19(zP).N, P0
_cTEXL
_2CC
999 _c121351
_d121351